LA GUERRA DE LAS IMAGENES: DE CRISTOBAL COLON A "BLADE RUNNER" (1492-2019) /

TRADUCCION DE: LA GUERRE DES IMAGES. DE CHRISTOPHE COLOMB A "BLADE RUNNER" (1492-2019)

Gorde:
Xehetasun bibliografikoak
Egile nagusia: Gruzinski, Serge (autor)
Formatua: Liburua
Saila:SECCION DE OBRAS DE HISTORIA
Gaiak:
Etiketak: Etiketa erantsi
Etiketarik gabe, Izan zaitez lehena erregistro honi etiketa jartzen!

MARC

LEADER 00000nam^a2200000^a^4500
001 000229223
005 20250521000000.0
009 20260310104355.21
020 |a 968-16-4446-8 
035 |a 049206 
037 |a Acervo Xavier Clavigero 
082 |a 306. 4  |b GRU 
100 |a Gruzinski, Serge  |e (autor) 
245 1 3 |a LA GUERRA DE LAS IMAGENES:  |b DE CRISTOBAL COLON A "BLADE RUNNER" (1492-2019) /  |c SERGE GRUZINSKI; TR. JUAN JOSE UTRILLA 
264 |a MEXICO :  |b FCE,  |c 1994 
300 |a 224p. :  |b il., maps. 
336 |a texto  |b txt  |2 rdacontenido 
337 |a sin mediación  |b n  |2 rdamedio 
338 |a volumen  |b nc  |2 rdasoporte 
440 |a SECCION DE OBRAS DE HISTORIA 
520 |a TRADUCCION DE: LA GUERRE DES IMAGES. DE CHRISTOPHE COLOMB A "BLADE RUNNER" (1492-2019) 
649 |a XX 
650 |a Cultura 
650 |a Civilización 
650 |a Imágenes Religiosas 
910 |a Fondo General 
920 |a Impresos - Libros 
930 |a Colección General 
905 |a 101 
901 |a 049206  |b IT1  |c ACC  |i 049206  |u 20250521 
902 |a https://opac.biblio.iteso.mx/vufind/Record/000229223